| 000 | 00520nam a2200205Ia 4500 | ||
|---|---|---|---|
| 003 | GCL | ||
| 008 | 140319s9999 xx 000 0 eng d | ||
| 040 |
_aGCL / _cGCL |
||
| 082 | 0 | 4 |
_a320.5 _bR F |
| 100 | 1 | _aROY, OLIVEIR | |
| 245 | 1 | 0 |
_aTHE FAILURE OF POLITICAL ISLAM / _cROY, OLIVEIR |
| 700 | 1 | _aVOLX, CAROL | |
| 260 |
_a[S.N] : _bI.B. TAURIS & CO LTD ، _c1994 |
||
| 300 | _a238 P | ||
| 650 | 0 | 4 | _aPOLITICAL ISLAM |
| 650 | 0 | 4 | _aIDEOLOGY |
| 650 | 0 | 4 | _aMOVEMENTS |
| 650 | 0 | 4 | _aISLAMIC MOVEMENTS |
| 942 |
_2ddc _cBK |
||
| 999 |
_c14897 _d14897 |
||